<?xml version="1.0" encoding="UTF-8"?>
<record
    xmlns:xsi="http://www.w3.org/2001/XMLSchema-instance"
    xsi:schemaLocation="http://www.loc.gov/MARC21/slim http://www.loc.gov/standards/marcxml/schema/MARC21slim.xsd"
    xmlns="http://www.loc.gov/MARC21/slim">

  <leader>02812nam0a2200385 i 4500</leader>
  <controlfield tag="001">RU\NLR\BIBL_A\010856844</controlfield>
  <controlfield tag="005">20241103095523.0</controlfield>
  <datafield tag="010" ind1=" " ind2=" ">
    <subfield code="a">9785906555915</subfield>
    <subfield code="9">150</subfield>
  </datafield>
  <datafield tag="021" ind1=" " ind2=" ">
    <subfield code="a">RU</subfield>
    <subfield code="b">2015-65373</subfield>
    <subfield code="9">3906</subfield>
  </datafield>
  <datafield tag="035" ind1=" " ind2=" ">
    <subfield code="a">(NILC)RuMoRGB-008008352</subfield>
  </datafield>
  <datafield tag="035" ind1=" " ind2=" ">
    <subfield code="a">(NLR Aleph) 010856844</subfield>
  </datafield>
  <datafield tag="090" ind1=" " ind2=" ">
    <subfield code="a">10401077</subfield>
    <subfield code="c">10401077</subfield>
  </datafield>
  <datafield tag="100" ind1=" " ind2=" ">
    <subfield code="a">20151007d2014    u  y0rusy50      ca</subfield>
  </datafield>
  <datafield tag="101" ind1="0" ind2=" ">
    <subfield code="a">rus</subfield>
  </datafield>
  <datafield tag="102" ind1=" " ind2=" ">
    <subfield code="a">RU</subfield>
  </datafield>
  <datafield tag="105" ind1=" " ind2=" ">
    <subfield code="a">a|||j|||000yy</subfield>
  </datafield>
  <datafield tag="200" ind1="1" ind2=" ">
    <subfield code="a">&#x413;&#x430;&#x441;&#x442;&#x440;&#x43E;&#x44D;&#x43D;&#x442;&#x435;&#x440;&#x43E;&#x43B;&#x43E;&#x433;&#x438;&#x44F; &#x438; &#x433;&#x435;&#x43F;&#x430;&#x442;&#x43E;&#x43B;&#x43E;&#x433;&#x438;&#x44F;</subfield>
    <subfield code="e">&#x443;&#x447;&#x435;&#x431;&#x43D;&#x43E;&#x435; &#x43F;&#x43E;&#x441;&#x43E;&#x431;&#x438;&#x435; &#x434;&#x43B;&#x44F; &#x43F;&#x43E;&#x434;&#x433;&#x43E;&#x442;&#x43E;&#x432;&#x43A;&#x438; &#x43C;&#x435;&#x434;&#x438;&#x446;&#x438;&#x43D;&#x441;&#x43A;&#x438;&#x445; &#x43A;&#x430;&#x434;&#x440;&#x43E;&#x432; &#x432; &#x43E;&#x431;&#x440;&#x430;&#x437;&#x43E;&#x432;&#x430;&#x442;&#x435;&#x43B;&#x44C;&#x43D;&#x44B;&#x445; &#x443;&#x447;&#x440;&#x435;&#x436;&#x434;&#x435;&#x43D;&#x438;&#x44F;&#x445; &#x41C;&#x427;&#x421; &#x420;&#x43E;&#x441;&#x441;&#x438;&#x438; &#x438; &#x424;&#x413;&#x411;&#x423; "&#x412;&#x441;&#x435;&#x440;&#x43E;&#x441;&#x441;&#x438;&#x439;&#x441;&#x43A;&#x438;&#x439; &#x446;&#x435;&#x43D;&#x442;&#x440; &#x44D;&#x43A;&#x441;&#x442;&#x440;&#x435;&#x43D;&#x43D;&#x43E;&#x439; &#x438; &#x440;&#x430;&#x434;&#x438;&#x430;&#x446;&#x438;&#x43E;&#x43D;&#x43D;&#x43E;&#x439; &#x43C;&#x435;&#x434;&#x438;&#x446;&#x438;&#x43D;&#x44B; &#x438;&#x43C;. &#x410;.&#x41C;. &#x41D;&#x438;&#x43A;&#x438;&#x444;&#x43E;&#x440;&#x43E;&#x432;&#x430;" &#x41C;&#x427;&#x421; &#x420;&#x43E;&#x441;&#x441;&#x438;&#x438;</subfield>
    <subfield code="f">&#x421;.&#x421;. &#x411;&#x430;&#x446;&#x43A;&#x43E;&#x432;, &#x410;.&#x41D;. &#x411;&#x435;&#x43B;&#x44F;&#x435;&#x432;, &#x410;.&#x412;. &#x413;&#x43E;&#x440;&#x434;&#x438;&#x435;&#x43D;&#x43A;&#x43E; [&#x438; &#x434;&#x440;.]</subfield>
    <subfield code="g">&#x41C;-&#x432;&#x43E; &#x420;&#x43E;&#x441;. &#x424;&#x435;&#x434;&#x435;&#x440;&#x430;&#x446;&#x438;&#x438; &#x43F;&#x43E; &#x434;&#x435;&#x43B;&#x430;&#x43C; &#x433;&#x440;&#x430;&#x436;&#x434;. &#x43E;&#x431;&#x43E;&#x440;&#x43E;&#x43D;&#x44B;, &#x447;&#x440;&#x435;&#x437;&#x432;&#x44B;&#x447;&#x430;&#x439;&#x43D;. &#x441;&#x438;&#x442;&#x443;&#x430;&#x446;&#x438;&#x44F;&#x43C; &#x438; &#x43B;&#x438;&#x43A;&#x432;&#x438;&#x434;&#x430;&#x446;&#x438;&#x438; &#x43F;&#x43E;&#x441;&#x43B;&#x435;&#x434;&#x441;&#x442;&#x432;&#x438;&#x439; &#x441;&#x442;&#x438;&#x445;&#x438;&#x439;&#x43D;. &#x431;&#x435;&#x434;&#x441;&#x442;&#x432;&#x438;&#x439;, &#x424;&#x435;&#x434;&#x435;&#x440;. &#x433;&#x43E;&#x441;. &#x431;&#x44E;&#x434;&#x436;&#x435;&#x442;. &#x443;&#x447;&#x440;&#x435;&#x436;&#x434;&#x435;&#x43D;&#x438;&#x435; "&#x412;&#x441;&#x435;&#x440;&#x43E;&#x441;. &#x446;&#x435;&#x43D;&#x442;&#x440; &#x44D;&#x43A;&#x441;&#x442;&#x440;&#x435;&#x43D;&#x43D;&#x43E;&#x439; &#x438; &#x440;&#x430;&#x434;&#x438;&#x430;&#x446;. &#x43C;&#x435;&#x434;&#x438;&#x446;&#x438;&#x43D;&#x44B; &#x438;&#x43C;. &#x410;.&#x41C;. &#x41D;&#x438;&#x43A;&#x438;&#x444;&#x43E;&#x440;&#x43E;&#x432;&#x430;" &#x41C;&#x427;&#x421; &#x420;&#x43E;&#x441;&#x441;&#x438;&#x438;</subfield>
    <subfield code="g">&#x43F;&#x43E;&#x434; &#x440;&#x435;&#x434;. &#x421;.&#x421;. &#x410;&#x43B;&#x435;&#x43A;&#x441;&#x430;&#x43D;&#x438;&#x43D;&#x430;, &#x421;.&#x421;. &#x411;&#x430;&#x446;&#x43A;&#x43E;&#x432;&#x430;</subfield>
  </datafield>
  <datafield tag="210" ind1=" " ind2=" ">
    <subfield code="a">&#x421;&#x430;&#x43D;&#x43A;&#x442;-&#x41F;&#x435;&#x442;&#x435;&#x440;&#x431;&#x443;&#x440;&#x433;</subfield>
    <subfield code="c">&#x412;&#x441;&#x435;&#x440;&#x43E;&#x441;&#x441;&#x438;&#x439;&#x441;&#x43A;&#x438;&#x439; &#x446;&#x435;&#x43D;&#x442;&#x440; &#x44D;&#x43A;&#x441;&#x442;&#x440;&#x435;&#x43D;&#x43D;&#x43E;&#x439; &#x438; &#x440;&#x430;&#x434;&#x438;&#x430;&#x446;&#x438;&#x43E;&#x43D;&#x43D;&#x43E;&#x439; &#x43C;&#x435;&#x434;&#x438;&#x446;&#x438;&#x43D;&#x44B;</subfield>
    <subfield code="d">2014</subfield>
  </datafield>
  <datafield tag="215" ind1=" " ind2=" ">
    <subfield code="a">259 &#x441;.</subfield>
    <subfield code="c">&#x438;&#x43B;.</subfield>
    <subfield code="d">21</subfield>
  </datafield>
  <datafield tag="300" ind1=" " ind2=" ">
    <subfield code="a">&#x412; &#x43A;&#x43E;&#x43D;&#x446;&#x435; &#x43A;&#x43D;. &#x430;&#x432;&#x442;.: &#x421;.&#x421;. &#x411;&#x430;&#x446;&#x43A;&#x43E;&#x432;, &#x437;&#x430;&#x441;&#x43B;. &#x432;&#x440;&#x430;&#x447; &#x420;&#x43E;&#x441;&#x441;&#x438;&#x438;, &#x434;.&#x43C;.&#x43D;., &#x43F;&#x440;&#x43E;&#x444;., &#x433;&#x430;&#x441;&#x442;&#x440;&#x43E;&#x44D;&#x43D;&#x442;&#x435;&#x440;&#x43E;&#x43B;&#x43E;&#x433;, &#x410;.&#x41D;. &#x411;&#x435;&#x43B;&#x44F;&#x435;&#x432;, &#x43A;.&#x43C;.&#x43D;., &#x434;&#x43E;&#x446;., &#x410;.&#x412;. &#x413;&#x43E;&#x440;&#x434;&#x438;&#x435;&#x43D;&#x43A;&#x43E;, &#x434;.&#x43C;.&#x43D;., &#x43F;&#x440;&#x43E;&#x444;.</subfield>
  </datafield>
  <datafield tag="320" ind1=" " ind2=" ">
    <subfield code="a">&#x411;&#x438;&#x431;&#x43B;&#x438;&#x43E;&#x433;&#x440;.: &#x441;. 258-259 (36 &#x43D;&#x430;&#x437;&#x432;.)</subfield>
  </datafield>
  <datafield tag="606" ind1=" " ind2=" ">
    <subfield code="a">&#x413;&#x430;&#x441;&#x442;&#x440;&#x43E;&#x44D;&#x43D;&#x442;&#x435;&#x440;&#x43E;&#x43B;&#x43E;&#x433;&#x438;&#x44F;</subfield>
    <subfield code="j">&#x423;&#x447;&#x435;&#x431;&#x43D;&#x44B;&#x435; &#x438;&#x437;&#x434;&#x430;&#x43D;&#x438;&#x44F; &#x434;&#x43B;&#x44F; &#x432;&#x44B;&#x441;&#x448;&#x438;&#x445; &#x443;&#x447;&#x435;&#x431;&#x43D;&#x44B;&#x445; &#x437;&#x430;&#x432;&#x435;&#x434;&#x435;&#x43D;&#x438;&#x439;</subfield>
    <subfield code="9">1011267</subfield>
    <subfield code="3">RU\NLR\AUTH\6667361</subfield>
  </datafield>
  <datafield tag="606" ind1="1" ind2=" ">
    <subfield code="a">&#x413;&#x435;&#x43F;&#x430;&#x442;&#x43E;&#x43B;&#x43E;&#x433;&#x438;&#x44F;</subfield>
    <subfield code="j">&#x423;&#x447;&#x435;&#x431;&#x43D;&#x44B;&#x435; &#x438;&#x437;&#x434;&#x430;&#x43D;&#x438;&#x44F; &#x434;&#x43B;&#x44F; &#x432;&#x44B;&#x441;&#x448;&#x438;&#x445; &#x443;&#x447;&#x435;&#x431;&#x43D;&#x44B;&#x445; &#x437;&#x430;&#x432;&#x435;&#x434;&#x435;&#x43D;&#x438;&#x439;</subfield>
    <subfield code="9">1390000</subfield>
    <subfield code="3">RU\NLR\AUTH\66270922</subfield>
  </datafield>
  <datafield tag="675" ind1=" " ind2=" ">
    <subfield code="a">616.3</subfield>
  </datafield>
  <datafield tag="686" ind1="1" ind2=" ">
    <subfield code="a">&#x420;413&#x44F;73</subfield>
  </datafield>
  <datafield tag="686" ind1="1" ind2=" ">
    <subfield code="a">&#x420;413.5&#x44F;73</subfield>
  </datafield>
  <datafield tag="701" ind1=" " ind2="1">
    <subfield code="a">&#x411;&#x430;&#x446;&#x43A;&#x43E;&#x432;</subfield>
    <subfield code="b">&#x421;. &#x421;.</subfield>
    <subfield code="g">&#x421;&#x435;&#x440;&#x433;&#x435;&#x439; &#x421;&#x435;&#x440;&#x433;&#x435;&#x435;&#x432;&#x438;&#x447;</subfield>
  </datafield>
  <datafield tag="701" ind1=" " ind2="1">
    <subfield code="7">ca</subfield>
    <subfield code="8">rus</subfield>
    <subfield code="a">&#x411;&#x435;&#x43B;&#x44F;&#x435;&#x432;</subfield>
    <subfield code="b">&#x410;. &#x41D;.</subfield>
    <subfield code="c">&#x43A;&#x430;&#x43D;&#x434;. &#x43C;&#x435;&#x434;. &#x43D;&#x430;&#x443;&#x43A;</subfield>
    <subfield code="g">&#x410;&#x43B;&#x435;&#x43A;&#x441;&#x430;&#x43D;&#x434;&#x440; &#x41D;&#x438;&#x43A;&#x43E;&#x43B;&#x430;&#x435;&#x432;&#x438;&#x447;</subfield>
    <subfield code="9">160368</subfield>
    <subfield code="3">RU\NLR\AUTH\770160410</subfield>
  </datafield>
  <datafield tag="701" ind1=" " ind2="1">
    <subfield code="a">&#x413;&#x43E;&#x440;&#x434;&#x438;&#x435;&#x43D;&#x43A;&#x43E;</subfield>
    <subfield code="b">&#x410;. &#x412;.</subfield>
    <subfield code="g">&#x410;&#x43B;&#x435;&#x43A;&#x441;&#x430;&#x43D;&#x434;&#x440; &#x412;&#x43E;&#x43B;&#x435;&#x441;&#x43B;&#x430;&#x432;&#x43E;&#x432;&#x438;&#x447;</subfield>
  </datafield>
  <datafield tag="702" ind1=" " ind2="1">
    <subfield code="a">&#x410;&#x43B;&#x435;&#x43A;&#x441;&#x430;&#x43D;&#x438;&#x43D;</subfield>
    <subfield code="b">&#x421;. &#x421;.</subfield>
    <subfield code="g">&#x421;&#x435;&#x440;&#x433;&#x435;&#x439; &#x421;&#x435;&#x440;&#x433;&#x435;&#x435;&#x432;&#x438;&#x447;</subfield>
    <subfield code="4">340</subfield>
  </datafield>
  <datafield tag="801" ind1=" " ind2="0">
    <subfield code="a">RU</subfield>
    <subfield code="b">&#x420;&#x413;&#x411;</subfield>
    <subfield code="c">20150828</subfield>
    <subfield code="g">RCR</subfield>
  </datafield>
  <datafield tag="942" ind1=" " ind2=" ">
    <subfield code="c">BOOK</subfield>
  </datafield>
  <datafield tag="980" ind1=" " ind2=" ">
    <subfield code="a">NBR</subfield>
  </datafield>
</record>
